World Metros (A-Z) Quiz Stats

 Plays Quiz Updated Dec 30, 2018

     
Support Sporcle.
Go Orange.
Score 0/26 Timer 07:00
8 Plays Today
Letter City % Correct
NNew York, New York, USA
92.2%
TTokyo, Japan
81.2%
LLagos, Nigeria
71.3%
PParis, France
70.4%
MManila, Philippines
69.1%
BBeijing, China
60.1%
CCairo, Egypt
50.9%
JJakarta, Indonesia
49.4%
DDelhi, India
48.4%
SShanghai, China
47.5%
RRio de Janeiro, Brazil
41.5%
IIstanbul, Turkey
37.1%
KKarachi, Pakistan
33.4%
Letter City % Correct
OOsaka, Japan
31.7%
HHyderabad, India
28.4%
XXiamen, China
19.1%
GGuangzhou, China
18.3%
FFuzhou, China
14.1%
WWuhan, China
12.8%
VVancouver, Canada
10.4%
AAhmedabad, India
9.5%
EEdmonton, Canada
7.7%
YYangon, Myanmar (Burma)
7.5%
UÜrümqi, China
6.6%
QQingdao, China
5.8%
ZZhengzhou, China
3.8%

From the Vault

8 to 1: Common Verbs in Song Titles

by themightymoosh

Music 4m
Well, you do know the rules. Sharing is caring and all that.
Remove Ads.
Support Sporcle.
Get the best of Sporcle when you Go Orange. This ad-free experience offers more features, more stats, and more fun while also helping to support Sporcle. Thank you for becoming a member.

Show Comments

Extras

Top Quizzes Today


Score Distribution

Your Account Isn't Verified!

In order to create a playlist on Sporcle, you need to verify the email address you used during registration. Go to your Sporcle Settings to finish the process.

Report this User

Report this user for behavior that violates our Community Guidelines.

Details: